000 00733cam a22002293a 4500
001 18510
003 PGUSA
005 20140828083408.0
008 060605s2006||||xxu|||||s|||||000 1 eng d
040 _aPGUSA
_beng
042 _adc
050 4 _aPR
100 1 _aRunciman, James,
_d1852-1891
245 1 4 _aThe Chequers :
_bBeing the Natural History of a Public-House, Set Forth in a Loafer's Diary
_h[electronic resource] /
_cJames Runciman
260 _bProject Gutenberg,
_c2006
506 _aPublic domain in the USA.
516 _aElectronic text
653 _aEngland -- Social conditions -- 19th century -- Fiction
830 0 _aProject Gutenberg
_v18510
856 4 0 _uhttp://www.gutenberg.org/ebooks/18510
942 _cEB
999 _c247765
_d247765